Reese Witherspoon Movies Quiz Stats

 Plays Quiz Updated Mar 5, 2019

Score 0/38 Timer 08:00
1 Play Today
Year Movie % Correct
2001Legally Blonde
95.8%
2003Legally Blonde 2: Red, White & Blonde
88.3%
2002Sweet Home Alabama
80.5%
2005Walk the Line
74.3%
2014Wild
64.4%
1999Cruel Intentions
53.7%
2016Sing
41.6%
1999Election
41.4%
2018A Wrinkle in Time
40.3%
2012This Means War
39.5%
2017Home Again
38.3%
2015Hot Pursuit
33.2%
2009Monsters vs Aliens
32.1%
2008Four Christmases
29.5%
2012Mud
26.5%
2005Just Like Heaven
23.4%
2004Vanity Fair
22.4%
1996Fear
22%
1991The Man in the Moon
21.4%
Year Movie % Correct
1998Pleasantville
21.2%
2014Inherent Vice
19.6%
2014The Good Lie
19.4%
2007Rendition
16.8%
2013Devil's Knot
14.5%
2006Penelope
12.8%
2002The Importance of Being Earnest
11.1%
1996Freeway
9.2%
2000American Psycho
9%
2000Little Nicky
8.2%
2011Water for Elephants
7.9%
1998Twilight
7.5%
2010How Do You Know
6.6%
1998Overnight Delivery
6.6%
1993A Far Off Place
5.3%
1994S.F.W.
5%
1993Jack the Bear
5%
1999Best Laid Plans
4.8%
2001The Trumpet of the Swan
4.6%

You're not logged in!

Compare scores with friends on all Sporcle quizzes.
OR
Log In

Sporcle TV

Today on Sporcle TV


Watch our educational content, quiz creation guides, and fun videos on Sporcle TV.

Show Comments

Extras

Top Quizzes Today


Score Distribution

Your Account Isn't Verified!

In order to create a playlist on Sporcle, you need to verify the email address you used during registration. Go to your Sporcle Settings to finish the process.

Report this User

Report this user for behavior that violates our Community Guidelines.

Details: